Tārīkh iftitāḥ al-Andalus. (Record no. 50252)

MARC details
000 -LEADER
fixed length control field 00559cam a22002171 4500
001 - CONTROL NUMBER
control field ne 68001231
003 - CONTROL NUMBER IDENTIFIER
control field DLC
005 - DATE AND TIME OF LATEST TRANSACTION
control field 20260227111840.0
008 - FIXED-LENGTH DATA ELEMENTS--GENERAL INFORMATION
fixed length control field 950420s1958 xx b 000 0 arao
010 ## - LIBRARY OF CONGRESS CONTROL NUMBER
LC control number ne 68001231
035 ## - SYSTEM CONTROL NUMBER
System control number (OCoLC)32341181
040 ## - CATALOGING SOURCE
Original cataloging agency DLC
Transcribing agency CU
Modifying agency CU
-- DLC
042 ## - AUTHENTICATION CODE
Authentication code premarc
050 00 - LIBRARY OF CONGRESS CALL NUMBER
Classification number DP102
Item number .I2
100 2# - MAIN ENTRY--PERSONAL NAME
Personal name Ibn al-Qūṭīyah, Muḥammad ibn ʻUmar,
Dates associated with a name -977.
245 10 - TITLE STATEMENT
Title Tārīkh iftitāḥ al-Andalus.
260 ## - PUBLICATION, DISTRIBUTION, ETC.
Date of publication, distribution, etc. [1958]
300 ## - PHYSICAL DESCRIPTION
Extent 239 p.
Dimensions 25 cm.
504 ## - BIBLIOGRAPHY, ETC. NOTE
Bibliography, etc. note Bibliography: p. 239.
650 #0 - SUBJECT ADDED ENTRY--TOPICAL TERM
Topical term or geographic name entry element Arabs
Geographic subdivision Spain.

No items available.

Powered by Koha